| 000 | 00718nam a2200205Ia 4500 | ||
|---|---|---|---|
| 003 | GCL | ||
| 008 | 140319s9999 xx 000 0 ara d | ||
| 040 |
_aGCL / _cGCL |
||
| 082 | 0 | 4 |
_a811.5 _bع ب |
| 100 | 1 | _aخليل ابراهيم العطية | |
| 245 | 1 | 0 |
_aبقية التنبيهات على اغلاط الرواة / _cخليل ابراهيم العطية |
| 700 | 1 | _aعلى بن حمزة البصرى | |
| 260 |
_a[S.N] : _bدار الشئون الثقافية ، _c1991 |
||
| 300 | _a222 ص | ||
| 490 | _a | ||
| 650 | 0 | 4 | _aالادب العربى |
| 650 | 0 | 4 | _aالشعر العربى - تاريخ ونقد |
| 650 | 0 | 4 | _aالشعر العربى - العصر العباسى الاول |
| 942 |
_2ddc _cBK |
||
| 999 |
_c35729 _d35729 |
||